[Event "BRA-ch U26 (Women)"]
[Site "Joinville"]
[Date "2023.10.12"]
[Round "5"]
[White "Frota, Steffany Vitoria Me"]
[Black "Da Silva, Thaina Alves"]
[Result "1-0"]
[WhiteElo "1800"]
[BlackElo "1800"]
[PlyCount "97"]
[EventDate "2023.10.09"]
[EventType "swiss"]
[EventRounds "6"]
[EventCountry "BRA"]
[SourceTitle "CBM 216 Extra"]
[Source "ChessBase"]
[SourceDate "2023.11.30"]
[SourceVersion "1"]
[SourceVersionDate "2023.11.30"]
[SourceQuality "1"]

1. c4 e5 2. Nc3 Nf6 3. e4 Bc5 4. g3 0-0 5. Bg2 d6 6. h3 Be6 7. d3 Qe8 8. Nge2 Nc6 9. 0-0 h6 10. Be3 Qd7 11. Kh2 a6 12. a3 b5 13. b4 Ba7 14. c5 a5 15. Nxb5 Bb8 16. cxd6 cxd6 17. bxa5 Na7 18. Nbc3 Nc6 19. f4 Ba7 20. Bxa7 Rxa7 21. f5 Nxa5 22. fxe6 Qxe6 23. Nb5 Rb7 24. Rb1 Rfb8 25. a4 Ne8 26. d4 Qc4 27. Nbc3 Nf6 28. Rxb7 Rxb7 29. dxe5 dxe5 30. Qd8+ Kh7 31. Qxa5 Qc7 32. Qxc7 Rxc7 33. a5 Ne8 34. a6 f6 35. Ra1 Ra7 36. Nb5 Ra8 37. a7 g5 38. Nec3 Rc8 39. a8Q Rxa8 40. Rxa8 Ng7 41. Nd5 Kg6 42. g4 Kf7 43. Kg3 Ke6 44. Ra7 Ne8 45. Nbc7+ Nxc7 46. Nxc7+ Kd6 47. Ne8+ Ke6 48. Bf1 h5 49. Bc4# 1-0